Blasco (Record no. 105507)

MARC details
000 -LEADER
campo de control de longitud fija 01011nam a2200265 i 4500
001 - NÚMERO DE CONTROL
campo de control 105507
003 - IDENTIFICADOR DE NÚMERO DE CONTROL
campo de control ES-MaACL
005 - FECHA Y HORA DE LA ÚLTIMA TRANSACCIÓN
campo de control 20240222150537.0
007 - CAMPO FIJO DE DESCRIPCIÓN FÍSICA--INFORMACIÓN GENERAL
campo de control de longitud fija t|
008 - DATOS DE LONGITUD FIJA--INFORMACIÓN GENERAL
campo de control de longitud fija 060720s1962 fr ||||1| fre d
080 ## - NÚMERO DE LA CLASIFICACIÓN DECIMAL UNIVERSAL
Número de la Clasificación Decimal Universal 929 Tresso, Pietro
100 1# - ENTRADA PRINCIPAL--NOMBRE DE PERSONA
Nombre de persona Azzaroni, Alfredo.
9 (RLIN) 24387
245 10 - MENCIÓN DEL TÍTULO
Título Blasco
Resto del título : la vie de Pietro Tresso /
Mención de responsabilidad, etc. Alfredo Azzaroni ; préface de Ignazio Silone ; documents et lettres, avant-propos de Pierre Naville.
300 ## - DESCRIPCIÓN FÍSICA
Extensión 214 p. ;
Dimensiones 22 cm.
500 ## - NOTA GENERAL
Nota general Biblioteca Juan Andrade.
500 ## - NOTA GENERAL
Nota general Número especial del "Bulletin de la Commission pour la Verité sur les Crimes de Staline", junio 1965.
600 14 - PUNTO DE ACCESO ADICIONAL DE MATERIA--NOMBRE DE PERSONA
Nombre de persona Tresso, Pietro.
9 (RLIN) 111331
600 14 - PUNTO DE ACCESO ADICIONAL DE MATERIA--NOMBRE DE PERSONA
Nombre de persona Stalin, Iosif Vissarionovich,
Fechas asociadas al nombre 1879-1953
9 (RLIN) 107862
610 27 - PUNTO DE ACCESO ADICIONAL DE MATERIA--NOMBRE DE ENTIDAD CORPORATIVA
Nombre de entidad corporativa o nombre de jurisdicción como elemento de entrada Partito comunista italiano.
9 (RLIN) 6163
700 1# - ENTRADA AGREGADA--NOMBRE PERSONAL
Nombre de persona Silone, Ignazio.
9 (RLIN) 106355
700 1# - ENTRADA AGREGADA--NOMBRE PERSONAL
Nombre de persona Naville, Pierre.
9 (RLIN) 85234
710 2# - ENTRADA AGREGADA--NOMBRE DE ENTIDAD CORPORATIVA
Nombre de entidad corporativa o nombre de jurisdicción como elemento de entrada Commission pour la Verité sur les Crimes de Staline.
9 (RLIN) 3106
852 ## - LOCALIZACIÓN
Ubicación ES-MaACL
Número de control de estantería AND-319
Sublocalización o colección R.109624
Holdings
Estatus retirado Estado de pérdida Estado de daño No para préstamo Biblioteca de origen Biblioteca actual Ubicación en estantería Fecha de adquisición Fuente de adquisición Total de préstamos Signatura topográfica completa Código de barras Visto por última vez Precio de reemplazo Tipo de ítem Koha
        Biblioteca del Ateneo de Madrid Biblioteca del Ateneo de Madrid Depósito 2 17/01/2008     AND-319 1110156 23/02/2023 23/02/2023 Libro impreso